000 03140nam a2200337 a 4500
003 CHAP
005 20250210092436.0
007 ta
008 230427t2016 at ao||fr|||| 001 0 eng d
020 _a978-1486301867
040 _aZ
_cCHAP
_erda
041 0 _bInglés
_fInglés
082 0 0 _a636.2130994
_bH39 2016
_220
100 1 _9186977
_aHayes, Margo
_eautor
245 1 0 _aSmall cattle:
_bfor small farms /
_cMargo Hayes
250 _aSegunda edición
264 1 _aClayton South, Australia:
_bCSIRO,
_cc2016.
300 _aix, 235 páginas:
_bilustraciones, fotos, gráficas, tablas.
336 _2rdacontent
_atexto
_btxt
337 _2rdamedia
_asin medio
_bn
338 _2rdacarrier
_avolumen
_bnc
500 _aej.1 - ej.3: consumo
505 0 _aAcknowledgements -- Introduction -- 1. Time for a tree change -- 2. Benefits of smaller cattle -- 3. Production systems: Stud or commercial -- 4. Selecting a breed -- 5. Selecting stock -- 6. Selecting genetics -- 7. Infrastructure required -- 8. Basic cattle husbandry -- 9. Methods of identification -- 10. Breeding systems -- 11. Nutrition -- 12. Healthy soils, healthy pastures, healthy cattle -- 13. Showing -- 14. Being a player in the beef industry -- 15. Marketing -- 16. Useful equipment in small farms -- 17. Government regulations and laws -- Glossary -- Cattle organisations -- Further information -- Endnotes -- Index.
520 _aSmall cattle breeds are manageable to control and care for and perfect for lifestyle blocks and small farms. They can be bred commercially for beef but their docile temperaments and small size also make them especially suitable for hobby farms. As more people have turned to the country for a 'tree change', interest in these breeds has grown tremendously. In this new edition of her popular book Small Cattle for Small Farms, award-winning cattle breeder Margo Hayes provides practical and easy-to-understand information for people interested in keeping small cattle for a range of reasons. The book assumes no prior experience with cattle and covers all the basics to help you set up an enjoyable and viable small farm, including: types of cattle and production systems available, how to select your stock, explanations of equipment required and basic cattle husbandry. It contains simple explanatory diagrams and photographs to make new concepts clear. With new and expanded sections on small cattle breeds, genetics and breeding systems, this second edition competently addresses questions asked by those entering small farming for the first time while providing a solid reference for those already in the industry. Detailed guidelines for raising healthy cattle through good nutrition, land management and herd monitoring are provided, in addition to tips for showing and marketing your cattle and up-to-date government requirements for land and stockowners.
650 1 3 _aGanado bovino
_9138033
_zAustralia
650 1 3 _aGanado de carne
_945067
_zAustralia
650 0 _9186972
_aRazas de ganado
_zAustralia
650 1 3 _aGanado alternativo
_9146764
650 1 3 _aGranjas pequeñas
_9190088
942 _2ddc
_cLIBRO
999 _c218644
_d218644